|
|
|
|
| LEADER |
01699nam a2200385 i 4500 |
| 001 |
36461 |
| 003 |
BD-DhAAL |
| 005 |
20211111131500.0 |
| 008 |
191027t2019 nyua 001 0 eng d |
| 999 |
|
|
|c 41034
|d 41034
|
| 010 |
|
|
|a 2017002082
|
| 020 |
|
|
|a 9781292221878
|
| 020 |
|
|
|a 1292221879
|
| 020 |
|
|
|a 9780134670942
|
| 020 |
|
|
|a 0134670949
|
| 040 |
|
|
|a DLC
|b eng
|c DLC
|e rda
|d DLC
|d BD-DhAAL
|
| 042 |
|
|
|a pcc
|
| 050 |
0 |
0 |
|a QA76.73.J38
|b L52 2018
|
| 082 |
0 |
0 |
|a 005.133
|2 23
|
| 100 |
1 |
|
|a Liang, Y. Daniel
|9 36516
|
| 240 |
1 |
0 |
|a Introduction to Java programming
|
| 245 |
1 |
0 |
|a Introduction to Java programming and data structures /
|c Y. Daniel Liang, Armstrong State University.
|
| 250 |
|
|
|a Eleventh edition. Comprehensive version.
|
| 260 |
|
|
|a New York, NY :
|b Pearson,
|c c2019
|
| 300 |
|
|
|a 1232 pages :
|b illustrations ;
|c 26 cm
|
| 500 |
|
|
|a Revised edition of: Introduction to Java programming / Y. Daniel Liang, Armstrong Atlantic State University. Tenth edition. Comprehensive version. 2015.
|
| 500 |
|
|
|a Includes index.
|
| 526 |
|
|
|a CSE
|
| 541 |
|
|
|a Karim International
|e 36461, 36462
|
| 650 |
|
0 |
|a Java (Computer program language).
|9 36517
|
| 650 |
|
0 |
|a Computer science
|9 42576
|
| 852 |
|
|
|a Ayesha Abed Library
|c General Stacks
|
| 942 |
|
|
|2 ddc
|c BK
|
| 952 |
|
|
|0 0
|1 0
|2 ddc
|4 0
|6 005_133000000000000_LIA
|7 0
|9 66748
|a BRACUL
|b BRACUL
|c GEN
|d 2019-10-17
|e Karim International
|g 4100.00
|l 11
|m 98
|o 005.133 LIA
|p 3010036462
|r 2026-04-12
|s 2025-12-24
|t 2
|v 4100.00
|w 2019-10-17
|y BK
|
| 952 |
|
|
|0 0
|1 0
|2 ddc
|4 0
|6 005_133000000000000_LIA
|7 0
|9 66749
|a BRACUL
|b BRACUL
|c GEN
|d 2019-10-17
|e Karim International
|g 4100.00
|l 10
|m 85
|o 005.133 LIA
|p 3010036461
|q 2026-06-02
|r 2025-07-07
|s 2025-07-07
|t 1
|v 4100.00
|w 2019-10-17
|y BK
|